| 000 | 00523cam a22001694a 4500 | ||
|---|---|---|---|
| 020 | _a1559639830 (cloth : alk. paper) | ||
| 020 | _a1559639849 (pbk. : alk. paper) | ||
| 040 | _cDLC | ||
| 082 | 0 | 0 | _a333 ISI 2003 C156 Or. |
| 100 | 1 | _aBaker, Mark, | |
| 245 | 1 | 0 |
_aCommunity forestry in the United States : _blearning from the past, crafting the future / |
| 260 |
_aWashington, DC : _bIsland Press, _cc2003 |
||
| 300 |
_axii, 247 p. ; _c24 cm |
||
| 650 | 0 | _aCommunity forestry | |
| 700 | 1 | _aKusel, Jonathan | |
| 942 | _cAEDBB | ||
| 999 |
_c18949 _d18949 |
||